Responses for Show #648 - Wednesday, June 3, 1987

Eugene Finerman game 3.

Contestants

[<< previous game]

Alison Comey, a property manager from Brighton, Massachusetts

Drew Browning, a teacher from Dumfries, Virginia

Eugene Finerman, a writer from Chicago, Illinois (whose 2-day cash winnings total $14,900)

[next game >>]

Jeopardy! Round responses

BELGIUM
POTENT POTABLES
SUDDEN DEATH
STATE FISH
(Alex: That's new to us.)
TRANSPORTATION IN FILMS
SONGS THAT "DO"
    $100 1
bridges

Alison
    $100 14
crème de menthe

Alison
    $100 2
(Alison: What is hanging?)

a firing squad

EugeneAlison
    $100 26
Massachusetts

Eugene
    $100 7
a train

Eugene
    $100 11
[ERRATUM: The song is titled "Da Ya Think I'm Sexy?" and thus fails to fit the category.]

"Do You Think I'm Sexy"

Alison
    $200 3
Brussels

Drew
    $200 16
Pittsburgh

Drew
    $200 20
Stand By Me

Alison
    $200 27
Wisconsin

Alison
    $200 8
a space shuttle

Drew
    $200 12
"Do You Believe In"

Drew
    $200 4
(Alex: Antwerp can be interpreted as thrown [*], and if you ever happen to visit Antwerp, here is what it looks like in the city square.)

his hand

Drew
    $300 17
Ernest & Julio Gallo

Drew
    $300 21
the Sphinx

Eugene
    $300 28
[The end-of-round signal sounds.]

North Carolina

Drew
    $300 9
a submarine

Eugene
    $300 15
"Love Me Do"

Drew
    $400 5
Benelux

Drew
    $400 18
beef bouillon

Eugene
    $400 22
Heart of Darkness

Eugene
    $400 10
Stagecoach

Alison
    $400 24
"Do You Love Me"

Drew
    $500 6
(Alex: It's the equivalent of about $30,000 a year.)

the Duke of Wellington

Eugene
    $500 19
Mogen David

Triple Stumper
    $500 23
(Drew: What is marriage?)
(Eugene: What is early to bed and early to rise?)
...
(Alex: And we've got less than a minute to go.)

early to rise and early to bed

EugeneDrewAlison
    $500 13
an Edsel

Drew
    $500 25
"Do That To Me One More Time"

Alison

Scores at the first commercial break (after clue 12):

Eugene Drew Alison
$1,000 $1,200 $500

Scores at the end of the Jeopardy! Round:

Eugene Drew Alison
$1,700 $2,700 $2,000

Double Jeopardy! Round responses

(Alex: A great beginning in...)
GENESIS
PRESIDENTIAL TRIVIA
WEAPONS
MONEY
MIDDLE NAMES
(Alex: And since we had SONGS THAT "DO" in Round 1...)
SONGS THAT "DON'T"
    $200 11
fig leaves

Drew
    $200 1
Ronald Reagan

Alison
    $200 16
grenades

Alison
    $200 21
peso

Eugene
    $200 6
Jennings

Alison
    $200 17
"Don't Be Cruel", "Don't Cry, Daddy", or "Don't"

Alison
    $400 12
Jacob

Eugene
    $400 2
(Eugene: Who was [*], Jr.?)
(Alex: Yes! His father was [*] also. We almost caught you on that.)

Theodore Roosevelt

Eugene
    $400 27
to create fire

Eugene
    $400 22
the landing of Apollo 11 on the Moon

Triple Stumper
    $400 7
Tecumseh

Eugene
    $400 18
don't fall in love

Alison
    $600 13
a cubit

Drew
    $600 3
(Drew: Who was George Washington?)

John Adams

DrewAlison
    $600 28
[ERRATUM: The artist is Grant Wood, not Grant Woods.]

a pitchfork

Alison
    $600 23
scrip

Alison
    $600 8
Cullen

Eugene
    $600 19
(Alex: What is [*], baby?)

"Don't Give Up On Us"

Triple Stumper
    $800 14
the Euphrates

Eugene
    $800 4
John Tyler

Eugene
    $800 29
what did we deliver to Iran

Eugene
    $800 25
(Alison: No idea.)
(Alex: We've got less than a minute to go.)

franc

Alison
    $1,600 9
(Eugene: [No response])

William

Eugene
    $800 20
"Don't Leave Me This Way"

Drew
    $1000 15
Joseph

Eugene
    $1000 5
Andrew Jackson

Eugene
    $1000 30
the (Buffalo) Sabres

Drew
    $1000 26
Argentina

Drew
    $1000 10
Carlos

Drew
    $1000 24
"You Don't Have to Be a Star (To Be in My Show)"

Triple Stumper

Scores at the end of the Double Jeopardy! Round:

Eugene Drew Alison
$6,900 $6,700 $4,200

[wagering suggestions for these scores]

Final Jeopardy! Round responses

WORLD STATISTICS
AlisonWhat is Africa?
$4,190
DrewWhat is Africa?
$6,700
EugeneWhat is Africa?
$6,501
Africa

Final scores:

Eugene Drew Alison
$13,401 $13,400 $8,390
3-day champion: $28,301 2nd place: Harrison Furniture entertainment center + Zenith 9" color TV 3rd place: Olympia electronic typewriter

Game dynamics:

Coryat scores:

Eugene Drew Alison
$8,500 $6,800 $5,000
19 R,
2 W
(including 1 DD)
17 R
(including 1 DD),
2 W
16 R,
2 W
(including 1 DD)

Combined Coryat: $20,300

[game clues] [game scores] [suggest correction]

Game tape date: Unknown
The J! Archive is created by fans, for fans. Scraping, republication, monetization, and malicious use prohibited; this site may use cookies and collect identifying information. See terms. The Jeopardy! game show and all elements thereof, including but not limited to copyright and trademark thereto, are the property of Jeopardy Productions, Inc. and are protected under law. This website is not affiliated with, sponsored by, or operated by Jeopardy Productions, Inc. Join the discussion at JBoard.tv.